[Event "Punta del Este Alekhiine op 1st"]
[Site "Punta del Este"]
[Date "2024.03.10"]
[Round "5"]
[White "Rodriguez Martinez, Jose Fernando"]
[Black "Bustelo, Tabare"]
[Result "0-1"]
[WhiteElo "1791"]
[BlackElo "1959"]
[PlyCount "92"]
[EventDate "2024.03.08"]
[EventType "swiss"]
[EventRounds "5"]
[EventCountry "URU"]
[SourceTitle "CB13_2024"]
[SourceDate "2024.03.27"]
[SourceVersion "1"]
[SourceVersionDate "2024.03.27"]
[SourceQuality "1"]

1. e4 Nc6 2. Nf3 f5 3. exf5 d5 4. d4 Bxf5 5. Bb5 Bg4 6. Bxc6+ bxc6 7. 0-0 e6 8. Qd3 Bxf3 9. Qxf3 Qf6 10. Qc3 c5 11. dxc5 Qxc3 12. Nxc3 Bxc5 13. Nb5 Kd7 14. Be3 Bxe3 15. fxe3 Nf6 16. c4 c6 17. Nc3 Rab8 18. cxd5 exd5 19. b3 Rhe8 20. Rae1 Re5 21. h3 Rbe8 22. Kf2 Kc7 23. Re2 Nh5 24. Rfe1 R8e7 25. g4 Nf6 26. a3 Nd7 27. Na4 Kd6 28. e4 Rxe4 29. Rxe4 Rxe4 30. Rxe4 dxe4 31. Ke3 Ke5 32. Nc3 Nf6 33. Ne2 Nd5+ 34. Kf2 Nf4 35. Nc3 Nxh3+ 36. Ke3 Ng5 37. b4 g6 38. b5 cxb5 39. Nxb5 a6 40. Nc7 a5 41. a4 h5 42. gxh5 gxh5 43. Nb5 Ne6 44. Na3 Kd5 45. Nb1 Nc5 46. Nc3+ Kc4 0-1

[Event "Montevideo Duchamp Cup 7th"]
[Site "Montevideo"]
[Date "2024.02.04"]
[Round "4"]
[White "Rodriguez Martinez, Jose Fernando"]
[Black "Borgiani, Francisco"]
[Result "1/2-1/2"]
[WhiteElo "1668"]
[BlackElo "1524"]
[PlyCount "54"]
[EventDate "2024.02.01"]
[EventType "swiss"]
[EventRounds "9"]
[EventCountry "URU"]
[SourceTitle "CB07_2024"]
[SourceDate "2024.02.14"]
[SourceVersion "1"]
[SourceVersionDate "2024.02.14"]
[SourceQuality "1"]

1. e4 e5 2. Nf3 Nc6 3. d4 exd4 4. Bc4 Nf6 5. 0-0 Nxe4 6. Re1 d5 7. Bxd5 Qxd5 8. Nc3 Qh5 9. Nxe4 Be6 10. Nxd4 Qxd1 11. Rxd1 0-0-0 12. Be3 Nxd4 13. Bxd4 Bd5 14. Ng3 a6 15. b3 f6 16. c4 Bc6 17. a3 Rd7 18. Bb2 Bc5 19. Rxd7 Bxd7 20. b4 Bd6 21. Ne4 Re8 22. Nxd6+ cxd6 23. Kf1 Re4 24. Rc1 Be6 25. c5 dxc5 26. Rxc5+ Kd7 27. f3 Rc4 1/2-1/2

[Event "Montevideo Duchamp Cup 7th"]
[Site "Montevideo"]
[Date "2024.02.03"]
[Round "3"]
[White "Martello, Benjamin"]
[Black "Rodriguez Martinez, Jose Fernando"]
[Result "1-0"]
[WhiteElo "1858"]
[BlackElo "1668"]
[PlyCount "87"]
[EventDate "2024.02.01"]
[EventType "swiss"]
[EventRounds "9"]
[EventCountry "URU"]
[SourceTitle "CB07_2024"]
[SourceDate "2024.02.14"]
[SourceVersion "1"]
[SourceVersionDate "2024.02.14"]
[SourceQuality "1"]

1. d4 Nf6 2. c4 e6 3. Nf3 d5 4. Bg5 Be7 5. Nc3 0-0 6. e3 b6 7. cxd5 exd5 8. Bd3 Nbd7 9. 0-0 c5 10. dxc5 Nxc5 11. Be2 Bb7 12. Nd4 Ne6 13. Bh4 Ne4 14. Bxe7 Nxc3 15. Bxd8 Nxd1 16. Nxe6 fxe6 17. Be7 Nxb2 18. Bxf8 Kxf8 19. Rfc1 Na4 20. Rc7 Nc5 21. Rc1 Rb8 22. h4 h6 23. g4 Ne4 24. f3 Nc5 25. g5 hxg5 26. hxg5 Na6 27. Rxb7 Rxb7 28. Bxa6 Rd7 29. Bb5 Rb7 30. Kf2 Ke7 31. Kg3 Kf7 32. Rc6 Re7 33. Kg4 Kg6 34. Bd3+ Kf7 35. Ba6 Rd7 36. Bc8 Re7 37. a4 g6 38. Ba6 Rd7 39. Bd3 Re7 40. Bc2 Rd7 41. Bb3 Ke7 42. Kf4 Kf7 43. Ke5 Re7 44. Ba2 1-0